Human resource management : developing a strategic approach

Saved in:
Bibliographic Details
Main Author: Sadler, Tony
Format: Book
Language:English
Published: London : Kogan Page, 1995
Subjects:
Tags: Add Tag
No Tags, Be the first to tag this record!

MARC

LEADER 00000nam a2200000 i 4500
001 1/64084
008 980804s1995 eng d
020 |a 074942477X 
035 |l 10029366 
040 |a GR-MY-UA  |b gre  |e aacr 
041 0 |a eng 
082 0 |a 658.3 
100 1 |a Sadler, Tony. 
245 1 0 |a Human resource management :  |b developing a strategic approach /  |c Tony Sadler 
260 |a London :   |b Kogan Page,   |c 1995 
300 |a 208 p. 
504 |a Includes bibliography and index 
650 0 0 |a Personnel management. 
852 |a INST  |b CHIOS  |e 19980804  |h 658.3 SAD  |p 005200016021  |q 005200016021  |t BK  |y 0 
901 |a BIBL-1998-2 
909 |a Χ  |b 058260 
922 |a 2ΕΛΗ  |b 199806  |c ΤΔΕ  |d ΠΑΠΑΣΩΤΗΡΙΟΥ